Saxony-Anhalt Top 10 Cities by population - Statistics

General Stats
  • This quiz has been taken 46 times
  • The average score is 6 of 10
Answer Stats
Population City % Correct
228,144 Magdeburg
100%
229,153 Halle
91%
86,030 Dessau-Roßlau
81%
40,959 Stendal
69%
47,390 Wittenberg
59%
33,964 Wernigerode
44%
40,708 Halberstadt
41%
35,016 Bernburg
31%
43,301 Bitterfeld-Wolfen
28%
40,194 Weißenfels
25%
No matching quizzes found
Score Distribution
Percent of People with Each Score
Percentile by Number Answered
Your Score History
You have not taken this quiz